| 000 | 00461nam a22001337a 4500 | ||
|---|---|---|---|
| 082 |
_a297.63 _bSHA |
||
| 100 | _aShah, Hafiz Syed Muhammad Abdullah | ||
| 245 |
_aRasool Allah Sallallahu Alaihi Wasallam ki Peshangoia / _cHafiz Syed Muhammad Abdullah Shah |
||
| 260 |
_aLahore : _bSubha Noor Publications , _c2022. |
||
| 300 |
_a349 p. ; _c22 cm. |
||
| 563 | _aHBK. | ||
| 880 |
_6245-02\r _aرسول ﷲ ﷺ کی پیشنگوِئیاں / |
||
| 942 |
_2ddc _cBK |
||
| 999 |
_c592795 _d592795 |
||